000 00748nam a2200181Ia 4500
008 100920s9999 xx 000 0 und d
082 _b13793
_a51 थ 62
100 _aताटके अरविंद.
245 _aत्यागमूर्ती पंडित मोतीलाल नेहरू.
260 _bइनामदार बंधु प्रकाशन, पुणे.
_c1962
300 _a90
_bसाधी
365 _b2
520 _aचरित्र.
630 _aत्यागमूर्ती पंडित मोतीलाल नेहरू.
650 _aचरित्र.
730 _aत्यागमूर्ती पंडित मोतीलाल नेहरू.
942 _cBOOK
999 _c678129
_d678126